Reinforcement , an enduringng problem in psychology (Record no. 649649)

MARC details
000 -LEADER
fixed length control field 00698nam a2200241Ia 4500
003 - CONTROL NUMBER IDENTIFIER
control field OSt
005 - DATE AND TIME OF LATEST TRANSACTION
control field 20220926030415.0
008 - FIXED-LENGTH DATA ELEMENTS--GENERAL INFORMATION
fixed length control field 220923b |||||||| |||| 00| 0 eng d
037 ## - SOURCE OF ACQUISITION
Terms of availability General Book
040 ## - CATALOGING SOURCE
Original cataloging agency RTL
Transcribing agency RTL
Language of cataloging eng
041 ## - LANGUAGE CODE
Source of code eng
Language code of text/sound track or separate title eng
100 ## - MAIN ENTRY--PERSONAL NAME
Personal name Birney Robert C
9 (RLIN) 85466
245 #0 - TITLE STATEMENT
Title Reinforcement , an enduringng problem in psychology
260 ## - PUBLICATION, DISTRIBUTION, ETC.
Place of publication, distribution, etc. Princeton
Name of publisher, distributor, etc. N J Van Nostrand
Date of publication, distribution, etc. 1961
300 ## - PHYSICAL DESCRIPTION
Extent viii, 230p
Dimensions cm.
650 ## - SUBJECT ADDED ENTRY--TOPICAL TERM
Topical term or geographic name entry element Psychology
700 ## - ADDED ENTRY--PERSONAL NAME
Personal name Teevan Richard Ed.
9 (RLIN) 334236
942 ## - ADDED ENTRY ELEMENTS (KOHA)
Classification part S:431, K1
Koha item type General Books
Source of classification or shelving scheme Colon Classification (CC)
Holdings
Withdrawn status Lost status Damaged status Not for loan Home library Current library Date acquired Total Checkouts Full call number Barcode Date last seen Price effective from Koha item type
        Ratan Tata Library Ratan Tata Library 2022-09-26   S:431 K1 RT0371989 2022-09-26 2022-09-26 General Books
Copyright @ Delhi University Library System